000
00213 a2200097 4500
001
30731
100
_a
Newing, F E
245
_a
Air, wind and flight
260
_a
England
_b
Ladybird Bks
_c
090
_c
20663
_d
20663
942
_a
NUST-CAE
_c
M
_c
11851
999
_c
265804
_d
265804